Statistics for Taylor Swift 83

Click here to take the quiz!

General Stats

  • This quiz has been taken 10 times
    (4 since last reset)
  • The average score is 220 of 381

Answer Stats

Answer% Correct
a
100%
I
100%
I'm
100%
it
100%
it's
100%
me
100%
the
100%
all
75%
and
75%
as
75%
by
75%
can
75%
do
75%
for
75%
how
75%
if
75%
in
75%
is
75%
like
75%
love
75%
my
75%
now
75%
of
75%
say
75%
see
75%
that
75%
then
75%
there
75%
this
75%
to
75%
was
75%
what
75%
when
75%
why
75%
you
75%
your
75%
are
50%
at
50%
back
50%
been
50%
believe
50%
best
50%
but
50%
careful
50%
careless
50%
couch
50%
daughter
50%
ever
50%
fear
50%
figure
50%
first
50%
flight
50%
got
50%
guarded
50%
I'll
50%
I've
50%
last
50%
lasts
50%
left
50%
look
50%
looked
50%
lying
50%
made
50%
make
50%
man's
50%
mine
50%
mistakes
50%
never
50%
on
50%
out
50%
parents'
50%
place
50%
rebel
50%
remember
50%
risk
50%
sitting
50%
small
50%
that's
50%
thing
50%
things
50%
thought
50%
time
50%
town
50%
water
50%
we
50%
we'll
50%
were
50%
we're
50%
with
50%
wondering
50%
about
25%
alone
25%
arm
25%
around
25%
bills
25%
bother
25%
'cause
25%
city
25%
college
25%
could
25%
drawer
25%
every
25%
falling
25%
fell
25%
fight
25%
figured
25%
hard
25%
hold
25%
into
25%
learn
25%
leave
25%
lights
25%
moment
25%
nothing
25%
our
25%
part-time
25%
pay
25%
put
25%
right
25%
said
25%
secrets
25%
she
25%
tables
25%
take
25%
there's
25%
turn
25%
waiting
25%
working
25%
yes
25%
2:30am
0%
ah-ah
0%
braced
0%
crying
0%
everything
0%
felt
0%
flash
0%
followed
0%
forward
0%
gonna
0%
goodbye
0%
hands
0%
known
0%
myself
0%
ran
0%
saw
0%
slipping
0%
start
0%
street
0%
surprise
0%
taking
0%
together
0%
took
0%
world
0%

Score Distribution

Percentile by Number Answered

Percent of People with Each Score

Your Score History

You have not taken this quiz since the last reset